000 00944nam a2200205Ia 4500
003 OSt
005 20241030085644.0
007 ca aa aaaaa
008 201103s9999 xx 000 0 und d
040 _cSSBUL
041 _abur
082 _223
_a၂၉၄.၃၄၄၃၃ ဝိ
_b၉၂၁၅ S-SAT
100 0 _aဝိစိတ္တသာရဘိဝံသ၊ အရှင်၊ ဆရာတော်-
_916371
245 1 0 _aပါရမီဆယ်ပါးဘုရားရှိခိုး /
_cဆရာတော်အရှင်ဝိစိတ္တသာရာဘိဝံသ။
260 _aရန်ကုန် ၊
_bပညာ့ဗိမာန်ပုံနှိပ်တိုက်၊
_c၁၉၈၀။
300 _a၁၃၆ စာမျက်နှာ ၊
_c၁၈ စင်တီ။
500 _aS-SAT: Dr. Sai Aung Tun
650 _aဗုဒ္ဓဘာသာ
_xတရားတော်
_913507
942 _2ddc
_cBK1
999 _c16815
_d16815